Lavner Rozália (Cukros Rozika)

Elmentve itt :
Bibliográfiai részletek
Dokumentumtípus: Cikk
Megjelent: 1940-10-27
Sorozat:Délmagyarország 16 No. 246
Kulcsszavak:Lavner Rozália, Gyászjelentés
Online Access:http://dmarchiv.bibl.u-szeged.hu/41260
LEADER 00419nab a2200145 i 4500
001 delm41260
005 20180927130018.0
008 180927s1940 hu o 0|| hun d
040 |a SZTE Délmagyarország Archívum  |b hun 
041 |a hun 
245 0 0 |a Lavner Rozália (Cukros Rozika)  |h [elektronikus dokumentum] 
260 |c 1940-10-27 
300 |a 8 
490 0 |a Délmagyarország  |v 16 No. 246 
695 |a Lavner Rozália, Gyászjelentés